Oszillierende gefühle. (Record no. 19962)

MARC details
000 -LEADER
fixed length control field 00557cam a22002171 4500
001 - CONTROL NUMBER
control field e 16000237
003 - CONTROL NUMBER IDENTIFIER
control field DLC
005 - DATE AND TIME OF LATEST TRANSACTION
control field 20260227111205.0
008 - FIXED-LENGTH DATA ELEMENTS--GENERAL INFORMATION
fixed length control field 840302s1915 xx 000 0 ger
010 ## - LIBRARY OF CONGRESS CONTROL NUMBER
LC control number e 16000237
035 ## - SYSTEM CONTROL NUMBER
System control number (OCoLC)29092854
040 ## - CATALOGING SOURCE
Original cataloging agency DLC
Transcribing agency MnU
Modifying agency DLC
042 ## - AUTHENTICATION CODE
Authentication code premarc
050 00 - LIBRARY OF CONGRESS CALL NUMBER
Classification number BF723.S35
Item number G4
100 1# - MAIN ENTRY--PERSONAL NAME
Personal name Gerson, Adolf.
245 10 - TITLE STATEMENT
Title Oszillierende gefühle.
260 ## - PUBLICATION, DISTRIBUTION, ETC.
Place of publication, distribution, etc. Langensalza,
Name of publisher, distributor, etc. H. Beyer & söhne,
Date of publication, distribution, etc. 1915.
300 ## - PHYSICAL DESCRIPTION
Extent 19, [1] p.
Dimensions 25 cm.
650 #0 - SUBJECT ADDED ENTRY--TOPICAL TERM
Topical term or geographic name entry element Senses and sensation.
650 #0 - SUBJECT ADDED ENTRY--TOPICAL TERM
Topical term or geographic name entry element Child psychology.

No items available.

Powered by Koha